| 000 | 01609nam a22003131i 4500 | ||
|---|---|---|---|
| 999 |
_c171712 _d171712 |
||
| 003 | OSt | ||
| 005 | 20190402155847.0 | ||
| 008 | 190318s2018 enkoa||| |||| 00| 0 eng d | ||
| 020 |
_a9781912286461 _cRM 109.90 _qhardpaper |
||
| 040 |
_aPPAK _beng _cPPAK _erda |
||
| 082 | 0 | 4 |
_223 _a032.02 |
| 090 |
_a032.02 _bGUI _dR |
||
| 245 | 0 | 0 |
_aGUINNESS WORLD RECORDS 2019 / _cedited by Guinness World Records Limited, |
| 246 | 3 | 0 | _aWorld records 2019 |
| 264 | 1 |
_a[London, England] : _bGuinness World Records Limited ; _c[2018] |
|
| 264 | 4 | _c©2018 | |
| 300 |
_a255 pages : _bcolour illustrations ; _c31 cm. |
||
| 336 |
_2rdacontent _atext |
||
| 337 |
_2rdamedia _aunmediated |
||
| 338 |
_2rdacarrier _avolume |
||
| 500 | _aIncludes index. | ||
| 505 | _aUniverse -- Planet Earth -- Living planet -- Human beings -- Fantastic feats -- Science & technology -- Arts & media-- Sports -- Do try this at home. | ||
| 520 | _a"The world's most popular record book is back with thousands of new categories and newly broken records, covering everything from outer space to sporting greats via Instagram, fidget spinners and all manner of human marvels. Inside you'll find hundreds of never-before-seen photographs and countless facts, figures, stats and trivia waiting for you on every action-packed page. Guinness World Records 2019 is the ultimate snapshot of our world today."--Publisher's description. | ||
| 650 | 1 | 0 | _aCuriosities and wonders. |
| 650 | 1 | 0 | _aWorld records. |
| 655 | 7 | _aTrivia and miscellanea. | |
| 710 | 2 |
_aGuinness World Records Limited, _eeditor, _eissuing body. |
|
| 942 |
_2ddc _cB |
||